000 00886nam a2200193 i 4500
001 38772
003 ES-MaACL
005 20251120183007.0
007 t|
008 030226s1885 sp ||||1| spa d
100 1 _aCámara y Castro, Tomás,
_d1847-1904
_933998
245 1 0 _aOración fúnebre de D. Alvaro de Navia-Osorio y Vigil, Marqués de Santa Cruz de Marcenado pronunciada en la Basílica de Atocha de Madrid en 19 de Diciembre de 1884 con motivo de la solemnidad del centenario de su nacimiento /
_cpor Tomás Cámara y Castro.
260 _aMadrid :
_b[s.n.],
_c1885 (
_fImpr. de Enrique Rubiños)
300 _a14 p. :
_b1 retr. de Alvaro Navia-Osorio y Vigil ;
_c24 cm.
500 _aDed. autógrafa de Luis Vidart.
600 0 4 _aSanta Cruz de Marcenado, Alvaro Navia Ossorio,
_cMarqués de
_9103237
852 _aES-MaACL
_jT-437-F-13
999 _c38772
_d38772